00000000nam##2200000za#4500
0019.667540
003CaOODSP
00520210615123607
007ta
008150407|2006||||xxc|||||     f|0| 0 fre|d
020 |a0-662-49219-6
040 |aCaOODSP|bfre
041 |aeng
041 |afre
043 |an-cn---
0861 |aSO2-11/13-2006
1101 |aCanada. |bGouverneur général. |bBureau du secrétaire.
24510|aRèglement concernant l'attribution de la Médaille pour services distingués des Services d'urgence médicale / |cProduite par la Direction des communications et des services aux visiteurs.
2463 |aLe régime canadien des distinctions honorifiques
260 |aOttawa - Ontario : |bGouverneur général du Canada. Bureau du Secrétaire |c2006.
300 |a9p. ; |c23 cm.
563 |aCouverture souple
590 |a06-50|b2006-12-15
69107|aDécoration|2gcpds
69107|aServices d'urgence|2gcpds
69107|aRèglements|2gcpds
7760#|tRegulations governing the award of the Emergency Medical Services Exemplary Service Medal |w(CaOODSP)9.675599
791 |tRegulations governing the award of the Emergency Medical Services Exemplary Service Medal / |eeng|w(CaOODSP)9.667539